[Event "I Sunway Sitges International Chess Festival - Group A"]
[Site "Sitges (Barcelona)"]
[Date "2014.12.14"]
[Round "2.14"]
[White "Koksal, Ege"]
[Black "Ibragimov, Ildar"]
[Result "0-1"]
[WhiteElo "2328"]
[BlackElo "2548"]
[PlyCount "0"]
[EventDate "2014.12.14"]

1. d4 Nf6 2. c4 e6 3. Nf3 b6 4. g3 Ba6 5. b3 d5 6. Bg2 Be7 7. O-O O-O 8. Ne5
Bb7 9. Nc3 Qc8 10. cxd5 exd5 11. Bb2 Na6 12. Rc1 Rd8 13. Qd2 c5 14. Rfd1 Qe6
15. e3 Ne4 16. Qe2 Nc7 17. Na4 Bd6 18. Nf3 Rac8 19. dxc5 bxc5 20. Nd2 Qe7 21.
Nxe4 dxe4 22. Qc2 Ne6 23. Nc3 Ng5 24. Nb5 Bb8 25. Rxd8+ Qxd8 26. Rd1 Qb6 27.
Na3 Nf3+ 28. Bxf3 exf3 29. Qf5 Rd8 30. Rd7 Rxd7 31. Qxd7 Bd6 32. Nc4 Qb4 33.
Qd8+ Bf8 34. Qd2 Bd5 35. Ba3 Qb7 36. Na5 Qd7 37. Qd3 Qh3 38. Qf1 Qf5 39. Nc4
Qc2 40. Nb2 Be4 41. h3 h5 42. Qa1 Bd6 43. Qd1 Qe2 44. Qf1 h4 45. Nc4 0-1

[Event "I Sunway Sitges International Chess Festival - Group B"]
[Site "Sitges (Barcelona)"]
[Date "2014.12.14"]
[Round "2.15"]
[White "Elfeturi, Melad"]
[Black "Grau Ferrer, Carles"]
[Result "1/2-1/2"]
[WhiteElo "1892"]
[BlackElo "1991"]
[PlyCount "0"]
[EventDate "2014.12.14"]

1. e4 { [%clk 1:30] } c6 { [%clk 1:29] } 2. d4 { [%clk 1:30] } d5 { [%clk
1:29] } 3. Nc3 { [%clk 1:30] } dxe4 { [%clk 1:29] } 4. Nxe4 { [%clk 1:30] } Bf5
{ [%clk 1:29] } 5. Ng3 { [%clk 1:31] } Bg6 { [%clk 1:29] } 6. h4 { [%clk 1:30]
} h6 { [%clk 1:30] } 7. Nf3 { [%clk 1:31] } e6 { [%clk 1:30] } 8. h5 { [%clk
1:31] } Bh7 { [%clk 1:30] } 9. Bd3 { [%clk 1:31] } Nf6 { [%clk 1:30] } 10. Bxh7
{ [%clk 1:29] } Nxh7 { [%clk 1:30] } 11. Bf4 { [%clk 1:27] } Nd7 { [%clk 1:30]
} 12. Qd3 { [%clk 1:25] } Nhf6 { [%clk 1:30] } 13. O-O-O { [%clk 1:21] } Qa5 {
[%clk 1:30] } 14. Kb1 { [%clk 1:20] } O-O-O { [%clk 1:30] } 15. Ne4 { [%clk
1:05] } Nxe4 { [%clk 1:30] } 16. Qxe4 { [%clk 1:06] } Be7 { [%clk 1:20] } 17.
Rd3 { [%clk 0:51] } Nf6 { [%clk 1:20] } 18. Qe5 { [%clk 0:45] } Qxe5 { [%clk
1:20] } 19. Nxe5 { [%clk 0:46] } Rhf8 { [%clk 1:20] } 20. f3 { [%clk 0:38] }
Nd5 { [%clk 1:17] } 21. Bd2 { [%clk 0:37] } Nb6 { [%clk 1:14] } 22. Ba5 {
[%clk 0:34] } Rd5 { [%clk 1:12] } 23. Bxb6 { [%clk 0:32] } axb6 { [%clk 1:13]
} 24. f4 { [%clk 0:28] } Kc7 { [%clk 1:10] } 25. g3 { [%clk 0:18.06] } Bf6 {
[%clk 1:08] } 26. Rhd1 { [%clk 0:12.56] } Bxe5 { [%clk 1:08] } 27. dxe5 {
[%clk 0:13.23] } b5 { [%clk 1:07] } 28. c3 { [%clk 0:12.09] } f6 { [%clk 1:07]
} 29. Rxd5 { [%clk 0:11.30] } cxd5 { [%clk 1:07] } 30. Re1 { [%clk 0:11.13] }
fxe5 { [%clk 1:08] } 31. Rxe5 { [%clk 0:10.58] } Kd6 { [%clk 1:08] } 32. Kc2 {
[%clk 0:09.20] } Rf6 { [%clk 1:08] } 33. Kd3 { [%clk 0:05.06] } g6 { [%clk
1:09] } 34. hxg6 { [%clk 0:01.11] } Rxg6 { [%clk 1:09] } 35. Re3 { [%clk
0:01.30] } h5 { [%clk 1:09] } 36. Ke2 { [%clk 0:01.02] } Rh6 { [%clk 1:06] }
37. Kf3 { [%clk 0:00.49] } Kc5 { [%clk 1:06] } 38. Re2 { [%clk 0:00.34] } Rf6
{ [%clk 1:06] } 39. Re5 { [%clk 0:00.33] } Rh6 { [%clk 1:06] } 40. Rg5 { [%clk
0:00.38] } b6 { [%clk 1:06] } 41. Re5 { [%clk 0:00.35] } Kd6 { [%clk 1:06] }
42. Re1 { [%clk 0:00.46] } Kc5 { [%clk 1:04] } 43. Rh1 { [%clk 0:00.33] } b4 {
[%clk 1:04] } 44. Rc1 { [%clk 0:00.31] } bxc3 { [%clk 1:04] } 45. Rxc3+ {
[%clk 0:01.03] } Kd4 { [%clk 1:03] } 46. Rb3 { [%clk 0:01.30] } e5 { [%clk
1:03] } 47. fxe5 { [%clk 0:00.51] } Kxe5 { [%clk 1:03] } 48. Rb4 { [%clk
0:00.33] } Rf6+ { [%clk 1:02] } 49. Ke3 { [%clk 0:01.02] } Rg6 { [%clk 0:57] }
50. Kf3 { [%clk 0:01.30] } Kf5 { [%clk 0:57] } 51. Rh4 { [%clk 0:01.06] } Kg5
{ [%clk 0:57] } 52. Rd4 { [%clk 0:01.13] } Rd6 { [%clk 0:57] } 53. a4 { [%clk
0:00.50] } Rd8 { [%clk 0:53] } 54. b4 { [%clk 0:01.01] } Rd6 { [%clk 0:54] }
55. a5 { [%clk 0:01.50] } bxa5 { [%clk 0:48] } 56. bxa5 { [%clk 0:01.50] } Rf6+
{ [%clk 0:47] } 57. Kg2 { [%clk 0:01.51] } Rd6 { [%clk 0:48] } 58. Kf3 { [%clk
0:02.19] } Kf5 { [%clk 0:46] } 59. Rh4 { [%clk 0:00.46] } Kg5 { [%clk 0:46] }
60. Rd4 { [%clk 0:01.15] } Kf5 { [%clk 0:45] } 61. Rh4 1/2-1/2